| 000 | 00671nam a2200193 a 4500 | ||
|---|---|---|---|
| 003 | 0 | ||
| 005 | 20250421075010.0 | ||
| 008 | 060801s19uu xx 00 eng d | ||
| 050 |
_aPHS TS 1124.5 _b.L44 2006 |
||
| 100 | _aLee, Jeremiah Joshua T. | ||
| 245 |
_aA Comparative study on the properties of different recycled paper / _cJeremiah Joshua T. Lee. |
||
| 260 |
_aLas PiƱas City, Philippines : _bSouthville International School and Colleges, _c2006. |
||
| 300 |
_a42 pages : _billustrations ; _c28 cm. |
||
| 504 | _aIncludes bibliographical references. | ||
| 650 |
_aPaper _xRecycling. |
||
| 650 | _aRecycled paper. | ||
| 650 |
_aPaper _xTesting. |
||
| 942 |
_2lcc _cPASS |
||
| 999 |
_c97637 _d97637 |
||